[Event "Harald Malmgren 100 years"]
[Site "SSKK"]
[Round "?"]
[Date "2004.12.31"]
[White "Bergquist, Rune"]
[Black "Olsson, Sture"]
[Result "1/2-1/2"]
[WhiteElo "2504"]
[BlackElo "2461"]
[WhiteCountry "NOR"]
[BlackCountry "SWE"]
[WhiteTitle "IM"]
[BlackTitle "IM"]

1.d4 d5 2.c4 c6 3.Nf3 e6 4.Nc3 dxc4 5.Bg5 f6
6.Bd2 a6 7.g3 b5 8.Bg2 Ne7 9.O-O Nd5 10.e4 Nxc3
11.bxc3 Be7 12.e5 f5 13.Ng5 O-O 14.Qh5 h6 15.Nh3 Qe8
16.Qxe8 Rxe8 17.a4 Ra7 18.Be3 Rc7 19.Nf4 g5 20.Ng6 Bd8
21.h4 Nd7 22.a5 c5 23.h5 cxd4 24.Bxd4 Bb7 25.Bb6 Bxg2
26.Kxg2 Rb7 27.Bxd8 Rxd8 28.Rfd1 Re8 29.Rd6 Nc5 30.Rc6 Na4
31.Rc1 Ra7 32.Kf3 Kf7 33.Rd6 Nc5 34.Ke3 Ne4 35.Rd4 Rb7
36.Rc2 g4 37.f3 Nxg3 38.fxg4 fxg4 39.Rxg4 Nf5+ 40.Kf2 Rd8
41.Nf4 b4 42.Rg6 b3 43.Rb2 Re8 44.Rb1 Ree7 45.Rd1 b2
46.Rb1 Rb5 47.Rf6+ Kg8 48.Nxe6 Rf7 49.Rxf7 Kxf7 50.Nc7 Rc5
51.Rxb2 Rxe5 1/2-1/2

[Event "Harald Malmgren 100 years"]
[Site "SSKK"]
[Round "?"]
[Date "2004.12.31"]
[White "Benson, Gary S"]
[Black "Koskela, Taisto"]
[Result "1-0"]
[WhiteElo "2490"]
[BlackElo "2486"]
[WhiteCountry "AUS"]
[BlackCountry "FIN"]
[WhiteTitle "IM"]
[BlackTitle "IM"]

1.e4 c5 2.Nf3 d6 3.d4 cxd4 4.Nxd4 Nf6 5.Nc3 a6
6.Be2 e6 7.O-O Be7 8.a4 Nc6 9.Be3 O-O 10.f4 Qc7
11.Kh1 Re8 12.Bf3 Rb8 13.Qd2 Bd7 14.Nb3 b6 15.Rfd1 Bc8
16.Qf2 Nd7 17.Qg3 Bb7 18.Rd2 Nc5 19.Rad1 Nxb3 20.cxb3 Na5
21.Bd4 Bf8 22.b4 Nb3 23.Rd3 Nxd4 24.Rxd4 Rbd8 25.f5 Be7
26.b5 a5 27.fxe6 fxe6 28.Bg4 Bc8 29.Qd3 Kh8 30.Rc4 Qb7
31.Qe3 Bf6 32.Rc6 Be5 33.h3 Qe7 34.Ne2 Bb7 35.Rxb6 Qc7
36.Rc1 Qf7 37.Nd4 Rc8 38.Rd1 Rc4 39.Nf3 Bf6 40.e5 dxe5
41.Nxe5 Bxe5 42.Qxe5 Rc2 43.Be2 Rf8 44.Rg1 Bd5 45.Rb8 Rxb8
46.Qxb8+ Qg8 47.Qe5 Qa8 48.b3 h6 49.Bf1 Qc8 50.Bd3 Rc3
51.Bf5 Bxb3 52.Be4 Rc5 53.Qd6 Bd5 54.Bg6 Rc7 55.Kh2 Rd7
56.Rc1 Qd8 57.Qf4 Kg8 58.Qe5 Rd6 59.Be4 Qd7 60.Rc5 Bxe4
61.Qxe4 Rd5 62.Rxd5 exd5 63.Qd4 Kf7 64.Kg1 Ke6 65.Qg4+ Kd6
66.Qxd7+ Kxd7 67.Kf2 Kd6 68.Ke3 Kc5 69.g4 d4+ 70.Kd3
1-0

[Event "Harald Malmgren 100 years"]
[Site "SSKK"]
[Round "?"]
[Date "2004.12.31"]
[White "Liebert, Ervin"]
[Black "Bergquist, Rune"]
[Result "1/2-1/2"]
[WhiteElo "2492"]
[BlackElo "2504"]
[WhiteCountry "EST"]
[BlackCountry "NOR"]
[WhiteTitle "IM"]
[BlackTitle "IM"]

1.e4 c5 2.Nf3 d6 3.d4 cxd4 4.Nxd4 Nf6 5.Nc3 a6
6.Be2 e5 7.Nb3 Be7 8.Bg5 Be6 9.Bxf6 Bxf6 10.Qd3 Nc6
11.O-O-O Be7 12.Kb1 O-O 13.Nd5 Bg5 14.h4 Bxh4 15.g3 Bf6
16.Qf3 Bg5 17.Qh5 Bh6 18.Bg4 a5 19.Ne3 Qg5 20.Qh3 Bxb3
21.cxb3 a4 22.bxa4 Rxa4 23.Nf5 Rxe4 24.Bf3 Rd4 25.Nxd4 Nxd4
26.Be4 f5 27.Bxb7 Kh8 28.Qg2 f4 29.Be4 Qe7 30.g4 f3
31.Qf1 Qg5 32.Qd3 Qxg4 33.Bxh7 d5 34.Bg6 Rf6 35.Bh5 Qg2
36.Rc1 g6 37.Bg4 Qxg4 38.Rxh6+ Kg7 39.Rhh1 Rf7 40.Qe3 Qe4+
41.Qxe4 dxe4 42.Rc3 Nf5 43.Re1 e3 44.Rcxe3 Nxe3 45.Rxe3 g5
46.a4 Kg6 47.Rxe5 g4 48.Re1 Ra7 49.b3 Kg5 50.Kb2 Rh7
51.Ka3 Rh2 52.Rf1 Rxf2 53.Rxf2 Kf4 54.a5 g3 55.Rxf3+ Kxf3
1/2-1/2

[Event "Harald Malmgren 100 years"]
[Site "SSKK"]
[Round "?"]
[Date "2004.12.31"]
[White "Liebert, Ervin"]
[Black "Pugh, John"]
[Result "1-0"]
[WhiteElo "2492"]
[BlackElo "2522"]
[WhiteCountry "EST"]
[BlackCountry "ENG"]
[WhiteTitle "IM"]
[BlackTitle "SM"]

1.e4 c5 2.Nf3 d6 3.d4 cxd4 4.Qxd4 a6 5.Be3 Nd7
6.Nc3 Ngf6 7.O-O-O e5 8.Qd2 b5 9.a3 Bb7 10.Bd3 Be7
11.h3 Rc8 12.Rhe1 O-O 13.g4 a5 14.Nxb5 Nxe4 15.Qe2 Nec5
16.Bf5 Ba6 17.Kb1 g6 18.Bxd7 Qxd7 19.c4 f6 20.Bxc5 Rxc5
21.a4 Qe6 22.Nd2 d5 23.f4 dxc4 24.Ne4 Rd5 25.Nc7 Rxd1+
26.Rxd1 Qc8 27.Nxa6 Qxa6 28.fxe5 fxe5 29.Rd5 Bb4 30.Nc5 Qf6
31.Qxc4 Qf7 32.Nd3 Re8 33.Qe4 Qb7 34.Nxb4 axb4 35.Qc4 Qf7
36.Rc5 b3 37.a5 Rd8 38.Kc1 e4 39.a6 e3 40.Qxf7+ Kxf7
41.Re5 e2 42.Rxe2 Rc8+ 43.Kd2 Rc6 44.a7 Ra6 45.Kc3 Rxa7
46.Kxb3 Kf6 47.Re4 h5 48.h4 hxg4 49.Rxg4 Kf5 50.Rc4 Ke5
51.Kc3 Ra1 52.Rg4 Kf5 53.Rg5+ Kf6 54.b4 Rh1 55.Rg4 Kf5
56.Rc4 Rh3+ 57.Kc2 Ke5 58.b5 1-0

[Event "Harald Malmgren 100 years"]
[Site "SSKK"]
[Date "2004.12.31"]
[Round "?"]
[White "Olsson, Sture"]
[Black "Koskela, Taisto"]
[Result "1-0"]
[WhiteElo "2461"]
[BlackElo "2486"]
[WhiteCountry "SWE"]
[BlackCountry "FIN"]
[WhiteTitle "IM"]
[BlackTitle "IM"]

1.e4 c5 2.Nf3 d6 3.d4 cxd4 4.Nxd4 Nf6 5.Nc3 a6
6.f3 e6 7.Be3 b5 8.g4 h6 9.Qd2 Nbd7 10.O-O-O Bb7
11.h4 b4 12.Na4 Qa5 13.b3 Nc5 14.a3 Rc8 15.Qxb4 Qc7
16.Kb1 d5 17.Nxc5 Bxc5 18.Qa4+ Nd7 19.b4 Bxd4 20.Rxd4 O-O
21.g5 Nb6 22.Qb3 h5 23.f4 Bc6 24.Rd2 a5 25.b5 Bb7
26.Be2 dxe4 27.Bxb6 Qxb6 28.Rhd1 Qc5 29.Rd4 g6 30.c4 Ba8
31.Kb2 Bb7 32.Qc3 a4 33.R1d2 Qf5 34.Qe3 Qc5 35.Qc3 Qf5
36.Qe3 Qc5 37.Bd1 Qb6 38.Rxe4 Qxe3 39.Rxe3 Rxc4 40.Red3 Rxf4
41.Rd4 e5 42.Rxf4 exf4 43.Bxa4 f3 44.Bb3 Re8 45.Bc4 Re4
46.Kc3 Rxh4 47.a4 Rf4 48.a5 f2 49.Bf1 h4 50.a6 Bxa6
51.bxa6 h3 52.Bxh3 Rf3+ 53.Kb4 Rxh3 54.Rxf2 Rh1 55.Ra2 Rb1+
56.Ka5 1-0

[Event "Harald Malmgren 100 years"]
[Site "SSKK"]
[Date "2004.12.31"]
[Round "?"]
[White "Koskela, Taisto"]
[Black "Liebert, Ervin"]
[Result "1-0"]
[WhiteElo "2486"]
[BlackElo "2492"]
[WhiteCountry "FIN"]
[BlackCountry "EST"]
[WhiteTitle "IM"]
[BlackTitle "IM"]

1.d4 e6 2.e4 d5 3.Nc3 Bb4 4.e5 c5 5.a3 Bxc3+
6.bxc3 Ne7 7.Qg4 O-O 8.Bd3 Nbc6 9.Qh5 Ng6 10.Nf3 Qc7
11.Be3 Nce7 12.h4 Bd7 13.Qg4 f5 14.Qh3 cxd4 15.cxd4 Bb5
16.Bxb5 Qa5+ 17.Bd2 Qxb5 18.h5 Nh8 19.Bb4 Rfe8 20.h6 g6
21.Qh4 Qd7 22.Rb1 Nc6 23.Bd2 b6 24.a4 Rac8 25.O-O Qe7
26.Qg3 Nf7 27.Rfc1 Rc7 28.c4 dxc4 29.Rxc4 Rec8 30.Nh4 Kf8
31.Rb3 Ke8 32.Nxg6 hxg6 33.Qxg6 Kd7 34.h7 Rh8 35.Rbc3 Nfd8
36.Bg5 Qxh7 37.Qxh7+ Rxh7 38.Bxd8 Kxd8 39.Rxc6 Rxc6 40.Rxc6 Rd7
41.Rc4 Rb7 42.Kf1 Rh7 43.g3 Kd7 44.Kg2 Rh8 45.Kf3 Rg8
46.Rc1 a6 47.Rh1 Kc6 48.Rh7 b5 49.Re7 bxa4 50.Rxe6+ Kb5
51.Kf4 a3 52.Rh6 a2 53.Rh1 Kc4 54.Ra1 Kb3 55.e6 Kb2
56.Rxa2+ Kxa2 57.d5 Rg4+ 58.Kxf5 Rd4 59.e7 Rxd5+ 60.Kf4 Rd4+
61.Kf3 1-0

[Event "Harald Malmgren 100 years"]
[Site "SSKK"]
[Date "2004.12.31"]
[Round "?"]
[White "Åhman, Leif"]
[Black "Bergquist, Rune"]
[Result "1/2-1/2"]
[WhiteElo "2492"]
[BlackElo "2504"]
[WhiteCountry "SWE"]
[BlackCountry "NOR"]
[WhiteTitle "IM"]
[BlackTitle "IM"]

1.e4 c5 2.Nf3 d6 3.d4 cxd4 4.Nxd4 Nf6 5.Nc3 a6
6.Bg5 e6 7.f4 Qb6 8.Qd2 Qxb2 9.Nb3 Qa3 10.Bxf6 gxf6
11.Be2 Nc6 12.O-O Bd7 13.Kh1 Rc8 14.Rad1 Be7 15.Bh5 Rf8
16.Rfe1 Qb4 17.Qe3 Ne5 18.Nb1 Nc4 19.Qg3 Qb5 20.Qh3 Kd8
21.a3 h6 22.Nd4 Qb6 23.f5 e5 24.Nb3 d5 25.Nc3 d4
26.Nd5 Qd6 27.c3 dxc3 28.Rd3 c2 29.Rc1 Qxa3 30.Rxc2 Ke8
31.Rcc3 Rc6 32.Rd1 Nd6 33.Nc5 Qxc5 34.Rxc5 Rxc5 35.Qd3 Rc6
36.Bf3 Rh8 37.Be2 Kf8 38.Qe3 Bc8 39.h3 Bd7 40.Kh2 Bc8
41.Rc1 Bd7 42.Rd1 Bc8 43.Rc1 1/2-1/2

[Event "Harald Malmgren 100 years"]
[Site "SSKK"]
[Date "2004.12.31"]
[Round "?"]
[White "Pugh, John"]
[Black "Koskela, Taisto"]
[Result "1/2-1/2"]
[WhiteElo "2522"]
[BlackElo "2486"]
[WhiteCountry "ENG"]
[BlackCountry "FIN"]
[WhiteTitle "SM"]
[BlackTitle "IM"]

1.e4 c5 2.Nf3 d6 3.d4 cxd4 4.Nxd4 Nf6 5.Nc3 a6
6.f3 e5 7.Nb3 Be6 8.Be3 Be7 9.Qd2 O-O 10.O-O-O b5
11.g4 b4 12.Nd5 Bxd5 13.exd5 a5 14.Kb1 Qc7 15.g5 Nfd7
16.h4 Nb6 17.h5 a4 18.Nc1 Nc4 19.Bxc4 Qxc4 20.g6 Nd7
21.gxh7+ Kxh7 22.Rhg1 Nf6 23.Qg2 Ne8 24.f4 a3 25.b3 Qc3
26.Nd3 Rc8 27.fxe5 dxe5 28.Rc1 Bf6 29.Qe4+ Kg8 30.h6 g6
31.Rgf1 Kh7 32.Qxb4 e4 33.Qxc3 Rxc3 34.Bc5 Rg8 35.Nf2 Rxc5
36.Nxe4 Rxd5 37.Nxf6+ Nxf6 38.Rxf6 Rd7 39.c4 Kxh6 40.Ra6 f5
41.c5 f4 42.Rxa3 Rd4 43.Ra6 Kh5 44.Rf6 g5 45.Rf1 g4
46.R6xf4 Rxf4 47.Rxf4 g3 48.Rf1 g2 49.Rg1 Kh4 50.Kc2 Kg3
51.b4 Kf2 52.Rxg2+ Rxg2 53.Kd3 Kf3 54.a4 Kf4 55.Kd4 Rd2+
56.Kc4 Ke5 57.Kb5 Rd8 58.a5 1/2-1/2

[Event "Harald Malmgren 100 years"]
[Site "SSKK"]
[Date "2004.12.31"]
[Round "?"]
[White "Benson, Gary S"]
[Black "Olsson, Sture"]
[Result "1/2-1/2"]
[WhiteElo "2490"]
[BlackElo "2461"]
[WhiteCountry "AUS"]
[BlackCountry "SWE"]
[WhiteTitle "IM"]
[BlackTitle "IM"]

1.e4 c5 2.Nf3 Nc6 3.d4 cxd4 4.Nxd4 Nf6 5.Nc3 e5
6.Ndb5 d6 7.Bg5 a6 8.Na3 b5 9.Bxf6 gxf6 10.Nd5 Bg7
11.Bd3 Ne7 12.Nxe7 Qxe7 13.O-O O-O 14.c4 f5 15.cxb5 d5
16.exd5 e4 17.Qe2 Qe5 18.Bc2 Qxd5 19.Bb3 Qe5 20.b6 Qxb2
21.Nc2 Bb7 22.Qh5 f4 23.Rad1 Qf6 24.Rd7 Bc6 25.Rc7 Rab8
26.Rb1 Be8 27.Re1 Qxb6 28.Re7 Kh8 29.Qf5 Bc6 30.Qxf4 a5
31.Qd6 Rbd8 32.Qg3 Rd7 33.Rxd7 Bxd7 34.Rd1 Bb5 35.Qe3 Qxe3
36.Nxe3 f5 37.g3 Bd3 38.Bc4 Bxc4 39.Nxc4 Bc3 40.Ne3 Kg7
41.Rd5 Kg6 42.a4 f4 43.Rd6+ Kg7 44.Rd7+ Kh6 45.Nd5 Bd2
46.gxf4 Bxf4 47.Re7 Rf5 48.Ne3 Rh5 49.Nf1 Rg5+ 50.Kh1 Re5
51.Rxe5 Bxe5 52.Nd2 Kg5 53.Nxe4+ Kf4 54.Nd2 Bc3 55.Nc4 Ke4
56.Kg2 Kd4 57.Ne3 Bb4 58.Kf3 Kc3 59.Ke4 Kb3 60.Kd5 Kxa4
61.Kc4 Bd6 62.h3 Ka3 63.Nd5 Kb2 64.Kb5 Kc2 65.Kxa5 Kd3
66.Nf6 Ke2 67.Nxh7 1/2-1/2

[Event "Harald Malmgren 100 years"]
[Site "SSKK"]
[Date "2004.12.31"]
[Round "?"]
[White "Pugh, John"]
[Black "Olsson, Sture"]
[Result "1-0"]
[WhiteElo "2522"]
[BlackElo "2461"]
[WhiteCountry "ENG"]
[BlackCountry "SWE"]
[WhiteTitle "SM"]
[BlackTitle "IM"]

1.e4 d6 2.d4 Nf6 3.Nc3 g6 4.Be3 c6 5.Qd2 b5
6.Bd3 Bg7 7.Nf3 O-O 8.Bh6 Bg4 9.a4 bxa4 10.Bxg7 Kxg7
11.Ng5 e5 12.dxe5 dxe5 13.h3 Bc8 14.Nxa4 Nbd7 15.Nf3 Qc7
16.Qc3 c5 17.O-O Bb7 18.Rfe1 Rfc8 19.Nd2 h6 20.b3 Qd6
21.Nc4 Qe7 22.Na5 Rc7 23.Nb2 Re8 24.Nxb7 Rxb7 25.Ra5 Rc7
26.Bb5 Kh7 27.Nc4 Rb8 28.f3 Rcb7 29.Ba4 Rc7 30.Ra1 Rbb7
31.Bb5 Kg7 32.R1a2 Kh7 33.Kh2 Qf8 34.Qa1 Qe7 35.Rxa7 Nb8
36.Rxb7 Rxb7 37.Ra5 Nbd7 38.Qc3 Rc7 39.Ra6 Rb7 40.Ba4 Kg8
41.Na5 Rc7 42.b4 Kh7 43.Bxd7 Nxd7 44.b5 Nb8 45.Nc6
1-0

[Event "Harald Malmgren 100 years"]
[Site "SSKK"]
[Date "2004.12.31"]
[Round "?"]
[White "Mrkvicka, Josef"]
[Black "Olsson, Sture"]
[Result "0-1"]
[WhiteElo "2506"]
[BlackElo "2461"]
[WhiteCountry "CZE"]
[BlackCountry "SWE"]
[WhiteTitle "SM"]
[BlackTitle "IM"]

1.d4 d5 2.c4 c6 3.Nf3 e6 4.e3 Nf6 5.Nc3 Nbd7
6.Qc2 Bd6 7.g4 Bb4 8.Bd2 Qe7 9.Rg1 Bxc3 10.Bxc3 Ne4
11.O-O-O b6 12.Be1 Bb7 13.Ne5 Nxe5 14.dxe5 a5 15.f3 Nc5
16.h4 O-O 17.h5 Ba6 18.h6 g6 19.Kb1 Rfd8 20.cxd5 cxd5
21.Bxa6 Rxa6 22.Bf2 Raa8 23.e4 dxe4 24.Bxc5 bxc5 25.f4 e3
26.Qe4 Qh4 27.Rc1 Qh2 28.Rg2 Qxh6 29.Qxe3 Rd4 30.g5 Qh4
31.Rf2 Qg4 32.a3 Rad8 33.Ka2 c4 34.Rff1 a4 35.Rf2 Kg7
36.Rcf1 Rd1 37.Qf3 Qxf3 38.Rxf3 h6 39.gxh6+ Kxh6 40.Rh3+ Kg7
41.Rhh1 R1d2 42.Rb1 R8d4 43.Rhf1 c3 44.Rf3 Rc4 45.Rc1 Rxb2+
46.Ka1 Rb3 47.Ka2 f5 48.Rc2 g5 49.fxg5 Kg6 50.Rd3 f4
51.Rd6 f3 52.Rxe6+ Kxg5 53.Rf6 Rf4 0-1

[Event "Harald Malmgren 100 years"]
[Site "SSKK"]
[Date "2004.12.31"]
[Round "?"]
[White "Bergquist, Rune"]
[Black "Pugh, John"]
[Result "1/2-1/2"]
[WhiteElo "2504"]
[BlackElo "2522"]
[WhiteCountry "NOR"]
[BlackCountry "ENG"]
[WhiteTitle "IM"]
[BlackTitle "SM"]

1.d4 Nf6 2.c4 g6 3.g3 Bg7 4.Bg2 O-O 5.Nf3 d6
6.O-O Nbd7 7.Nc3 e5 8.e4 a6 9.Qc2 exd4 10.Nxd4 Re8
11.Rd1 Rb8 12.h3 Qe7 13.Bg5 h6 14.Nd5 Qd8 15.Be3 c5
16.Ne2 b5 17.cxb5 axb5 18.Nxf6+ Qxf6 19.b4 Bb7 20.Rab1 Qe7
21.Nc3 Bc6 22.Qd2 Bxc3 23.Qxc3 Bxe4 24.Bxh6 Qf6 25.Rbc1 Qxc3
26.Rxc3 cxb4 27.Rc7 Bxg2 28.Kxg2 Ne5 29.Rxd6 Ra8 30.Rb7 Rxa2
31.Rxb5 Rb2 32.Bf4 Nc4 33.Rd4 Ne3+ 34.Bxe3 Rxe3 35.Rf4 Re7
36.g4 Kg7 37.Rbxb4 Rxb4 38.Rxb4 Re2 39.h4 Ra2 40.Kg3
1/2-1/2

[Event "Harald Malmgren 100 years"]
[Site "SSKK"]
[Date "2004.12.31"]
[Round "?"]
[White "Bennborn, Jan"]
[Black "Olsson, Sture"]
[Result "1/2-1/2"]
[WhiteElo "2470"]
[BlackElo "2461"]
[WhiteCountry "SWE"]
[BlackCountry "SWE"]
[WhiteTitle "IM"]
[BlackTitle "IM"]

1.d4 d5 2.c4 c6 3.Nf3 e6 4.Nc3 dxc4 5.a4 Bb4
6.e3 b5 7.Bd2 a5 8.axb5 Bxc3 9.Bxc3 cxb5 10.b3 Bb7
11.bxc4 b4 12.Bb2 Nf6 13.Bd3 Nbd7 14.O-O O-O 15.Re1 Re8
16.c5 Qc7 17.e4 Bc6 18.Qc2 h6 19.Nd2 a4 20.Nc4 Reb8
21.Bc1 e5 22.d5 Bb5 23.c6 Nc5 24.Bb2 Bxc4 25.Qxc4 Ra5
26.Bc1 Ne8 27.Be3 Nxd3 28.Qxd3 b3 29.Reb1 Nd6 30.Bd2 Raa8
31.Bc3 Nb5 32.Bb2 f6 33.Rd1 Kh8 34.h4 Qb6 35.h5 Kh7
36.Qc4 Nd6 37.Qe2 Nb5 38.Qd3 Qc5 39.Rac1 Qd6 40.f4 a3
41.fxe5 Qc7 42.Rd2 axb2 43.Rxb2 Qxe5 44.Rxb3 Nd6 45.Rxb8 Rxb8
46.c7 Ra8 47.Qf3 Kh8 48.Qg4 f5 49.Qg6 Rc8 50.Qe6 Qxe6
51.dxe6 Ne8 52.Rd1 Rxc7 53.Rd8 Re7 54.exf5 Kg8 55.Kf2 Kf8
56.g4 Ra7 57.Kf3 Ke7 58.Rd4 Nd6 59.Kf4 Rc7 60.Rd3 Rc1
61.Rd4 1/2-1/2

[Event "Harald Malmgren 100 years"]
[Site "SSKK"]
[Date "2004.12.31"]
[Round "?"]
[White "Olsson, Sture"]
[Black "Hansen, Mads Smith"]
[Result "1-0"]
[WhiteElo "2461"]
[BlackElo "2505"]
[WhiteCountry "SWE"]
[BlackCountry "DEN"]
[WhiteTitle "IM"]
[BlackTitle "IM"]

1.d4 Nf6 2.c4 c5 3.d5 b5 4.cxb5 a6 5.f3 e6
6.e4 exd5 7.e5 Qe7 8.Qe2 Ng8 9.Nc3 Bb7 10.Nh3 c4
11.Be3 Qb4 12.Nf4 axb5 13.Qd2 Ne7 14.a3 Qa5 15.b4 cxb3
16.Nxb5 Nf5 17.Qxa5 Rxa5 18.Bd2 Ra4 19.Rb1 Bc5 20.Rxb3 O-O
21.Nd3 Be7 22.Nb2 Ra8 23.Bd3 Nh4 24.Bb4 Bxb4+ 25.Rxb4 Ng6
26.Bxg6 fxg6 27.Nd6 Ba6 28.Rd4 Nc6 29.Rxd5 Rab8 30.Nd1 Rb3
31.a4 Rf4 32.Ne4 Rd3 33.Rd6 Bc4 34.Nc5 Rxd6 35.exd6 Rd4
36.Ne3 Na5 37.Nxd7 Rxd6 38.Nc5 Rc6 39.Ne4 Bd3 40.Kd2 Bxe4
41.fxe4 Nb3+ 42.Kd3 Nc5+ 43.Kd4 Nxa4 44.Ra1 Nb6 45.Ra6 1-0

[Event "Harald Malmgren 100 years"]
[Site "SSKK"]
[Date "2004.12.31"]
[Round "?"]
[White "Olsson, Sture"]
[Black "Åhman, Leif"]
[Result "1/2-1/2"]
[WhiteElo "2461"]
[BlackElo "2492"]
[WhiteCountry "SWE"]
[BlackCountry "SWE"]
[WhiteTitle "IM"]
[BlackTitle "IM"]

1.e4 c6 2.d4 d5 3.e5 Bf5 4.Nc3 e6 5.g4 Bg6
6.Nge2 f6 7.Nf4 fxe5 8.Nxg6 hxg6 9.dxe5 Nd7 10.Bf4 Bb4
11.Bd3 Ne7 12.O-O Qc7 13.Qe2 Bc5 14.Na4 Bd4 15.Rae1 a6
16.c3 Ba7 17.b3 O-O-O 18.Bg5 Rde8 19.Kg2 Nf6 20.c4 Kb8
21.c5 Nfg8 22.b4 Nh6 23.Bf4 Ref8 24.Bg3 g5 25.Nc3 Qd8
26.Rd1 Ka8 27.Rfe1 Qe8 28.a4 g6 29.b5 Bxc5 30.bxa6 b6
31.Rf1 Nhf5 32.a5 Nh4+ 33.Kh1 Nf3 34.Na4 Qf7 35.Nxb6+ Bxb6
36.axb6 Rxh2+ 37.Bxh2 Rh8 38.b7+ Ka7 39.b8=Q+ Kxb8 40.Qb2+ Kc8
41.Qb7+ Kd8 1/2-1/2

[Event "Harald Malmgren 100 years"]
[Site "SSKK"]
[Date "2004.12.31"]
[Round "?"]
[White "Åhman, Leif"]
[Black "Mrkvicka, Josef"]
[Result "1-0"]
[WhiteElo "2492"]
[BlackElo "2506"]
[WhiteCountry "SWE"]
[BlackCountry "CZE"]
[WhiteTitle "IM"]
[BlackTitle "SM"]

1.e4 c5 2.Nf3 d6 3.d4 cxd4 4.Nxd4 Nf6 5.Nc3 a6
6.Bg5 e6 7.f4 Qb6 8.Qd2 Qxb2 9.Nb3 Qa3 10.Bxf6 gxf6
11.Be2 Nc6 12.O-O Bd7 13.Kh1 Rc8 14.Nd1 b5 15.Ne3 Be7
16.c4 Qb4 17.Qd3 Na5 18.Nxa5 Qxa5 19.Qd4 h5 20.a3 h4
21.h3 Rc7 22.e5 Rc6 23.exf6 Bd8 24.f5 e5 25.Qg4 Qd2
26.Nd5 Qh6 27.Rab1 Rc5 28.Nc3 Kf8 29.Ne4 Rg8 30.Nxc5 Rxg4
31.Nxd7+ Ke8 32.Bxg4 Kxd7 33.cxb5 axb5 34.Rxb5 e4 35.a4 Bc7
36.Rd5 Kc6 37.Rfd1 Qxf6 38.a5 Qb2 39.Bh5 Kb7 40.Bxf7 e3
41.Bh5 Qf2 42.a6+ Kxa6 43.Ra1+ Kb6 44.Rdd1 d5 45.Rdb1+ Kc6
46.Rc1+ Kd6 47.f6 Bd8 48.Rf1 Bxf6 49.Ra6+ Ke5 50.Rxf2 exf2
51.Be2 Bg5 52.g4 hxg3 53.Kg2 Bf4 54.Ra4 d4 55.Bd3
1-0

[Event "Harald Malmgren 100 years"]
[Site "SSKK"]
[Date "2004.12.31"]
[Round "?"]
[White "Olsson, Sture"]
[Black "Chopin, Philippe"]
[Result "1/2-1/2"]
[WhiteElo "2461"]
[BlackElo "2475"]
[WhiteCountry "SWE"]
[BlackCountry "FRA"]
[WhiteTitle "IM"]
[BlackTitle "?"]

1.e4 e5 2.Nf3 Nc6 3.d4 exd4 4.Nxd4 Bc5 5.Nxc6 Qf6
6.Qd2 dxc6 7.Nc3 Be6 8.Na4 Rd8 9.Bd3 Bd6 10.Qe3 Nh6
11.h3 Bb4+ 12.Bd2 Bxd2+ 13.Qxd2 O-O 14.O-O-O Qe7 15.g4 b5
16.g5 bxa4 17.gxh6 a3 18.hxg7 axb2+ 19.Kb1 Rfe8 20.Qa5 Qf6
21.Qc5 Rb8 22.Rhg1 a5 23.a3 a4 24.e5 Qf4 25.Rde1 Bf5
26.Bxf5 Qxf5 27.h4 Rbd8 28.Qe3 Rd5 29.f4 c5 30.Rg5 Qe6
31.Qf3 Rb8 32.Rgg1 Rd2 33.Re2 Rxe2 34.Qxe2 c4 35.Qe3 Qf5
36.Rd1 c5 37.Qf3 h6 38.Rg1 Rc8 39.Qb7 c3 40.Qa6 Kh7
41.Qc4 Kg8 42.Qa6 Kh7 43.Qxa4 Rg8 44.Qc6 Rxg7 45.Rxg7+ Kxg7
46.Qg2+ Kh7 47.Qf3 h5 48.Qxc3 Qxf4 49.Qe1 Qd4 50.c3 Qd3+
51.Kxb2 Qb5+ 52.Kc2 Qc4 53.Qg3 Qa2+ 54.Kd3 Qd5+ 55.Ke3 Qc4
56.Kf2 Qa2+ 57.Kf3 Qxa3 58.Kf4 Qa6 1/2-1/2

[Event "Harald Malmgren 100 years"]
[Site "SSKK"]
[Date "2004.12.31"]
[Round "?"]
[White "Bergquist, Rune"]
[Black "Mrkvicka, Josef"]
[Result "0-1"]
[WhiteElo "2504"]
[BlackElo "2506"]
[WhiteCountry "NOR"]
[BlackCountry "CZE"]
[WhiteTitle "IM"]
[BlackTitle "SM"]

1.e4 c5 2.c3 Nf6 3.e5 Nd5 4.d4 cxd4 5.Nf3 Nc6
6.Bc4 Nb6 7.Bb3 d5 8.exd6 Qxd6 9.O-O Be6 10.Na3 dxc3
11.Qe2 Bxb3 12.Nb5 Qb8 13.axb3 g6 14.Be3 Nc8 15.Ra4 Bg7
16.Bf4 e5 17.Nxe5 Nxe5 18.Bxe5 Bxe5 19.f4 O-O 20.fxe5 cxb2
21.Raf4 a6 22.Nc3 Ne7 23.Ne4 Qa7+ 24.R4f2 Qd4 25.Rd1 Rad8
26.Rxd4 b1=Q+ 27.Rf1 Qxf1+ 28.Kxf1 Rxd4 29.g3 Rfd8 30.Kg2 Nd5
31.Kh3 Rd3 32.Qf2 Rc8 33.b4 h6 34.Nd6 Rc7 35.Ne4 Rc6
36.Nc5 Re3 37.e6 f5 38.Kg2 Rexe6 39.Qa2 Red6 40.Nxb7 Rc2+
41.Qxc2 Ne3+ 42.Kf3 Nxc2 43.Nxd6 Nxb4 44.Kf4 a5 45.Nc4 a4
46.Ke3 Kg7 0-1

[Event "Harald Malmgren 100 years"]
[Site "SSKK"]
[Date "2004.12.31"]
[Round "?"]
[White "Rüfenacht, Matthias"]
[Black "Bergquist, Rune"]
[Result "1/2-1/2"]
[WhiteElo "2390"]
[BlackElo "2504"]
[WhiteCountry "SUI"]
[BlackCountry "NOR"]
[WhiteTitle "GM"]
[BlackTitle "IM"]

1.e4 e5 2.Nf3 Nc6 3.Bb5 a6 4.Bxc6 dxc6 5.O-O Qd6
6.Na3 Be6 7.Qe2 f6 8.Rd1 O-O-O 9.d4 Bg4 10.Be3 Qe6
11.dxe5 Rxd1+ 12.Qxd1 Bxa3 13.bxa3 fxe5 14.Ng5 Bxd1 15.Nxe6 Bxc2
16.f3 b6 17.Rc1 Ba4 18.Nxg7 Nf6 19.g4 c5 20.Kf2 Ne8
21.Nf5 Kd7 22.Rg1 Nd6 23.Rg3 c4 24.Nxd6 cxd6 25.Rh3 c3
26.Rh6 Bd1 27.g5 c2 28.g6 Rg8 29.gxh7 Rh8 30.f4 Ke8
31.h4 Kf7 32.Kg3 exf4+ 33.Bxf4 a5 34.a4 Kg7 35.Rxd6 Kxh7
36.Rh6+ Kg7 37.Rc6 Re8 38.e5 Kf7 39.h5 Bxh5 40.Rxc2 Re6
41.Rc1 Kg6 42.Rh1 Be2 43.Rh2 Bd1 44.Rh6+ 1/2-1/2

[Event "Harald Malmgren 100 years"]
[Site "SSKK"]
[Date "2004.12.31"]
[Round "?"]
[White "Pugh, John"]
[Black "Benson, Gary S"]
[Result "1/2-1/2"]
[WhiteElo "2522"]
[BlackElo "2490"]
[WhiteCountry "ENG"]
[BlackCountry "AUS"]
[WhiteTitle "SM"]
[BlackTitle "IM"]

 1.e4 c5 2.Nf3 d6 3.d4 cxd4 4.Nxd4 Nf6 5.Nc3 a6
6.f3 e5 7.Nb3 Be6 8.Be3 Be7 9.Qd2 O-O 10.O-O-O Nbd7
11.g4 b5 12.g5 b4 13.Ne2 Ne8 14.Ng3 a5 15.Kb1 a4
16.Nc1 b3 17.cxb3 axb3 18.a3 Rc8 19.h4 Qc7 20.h5 Nb6
21.Bd3 Nc4 22.Bxc4 Qxc4 23.Nce2 Qc2+ 24.Ka1 Qxd2 25.Bxd2 f5
26.exf5 Bxf5 27.Nxf5 Rxf5 28.Rhf1 Nc7 29.Rc1 Rff8 30.g6 Ne6
31.Rxc8 Rxc8 32.Rc1 Rf8 33.Rc3 hxg6 34.hxg6 Rf6 35.Rxb3 Rxg6
36.Nc3 Nc5 37.Rb8+ Kf7 38.a4 d5 39.Nxd5 Bd6 40.Rb5 Rg1+
41.Ka2 Rd1 42.Ne3 Rxd2 43.Nc4 Rd4 44.Nxd6+ Ke6 45.Rxc5 Kxd6
46.Ra5 Rf4 47.Ra7 g5 48.a5 Rxf3 49.Rg7 e4 50.Rg6+ Kd5
51.Rxg5+ Kd4 52.a6 e3 53.a7 Rf8 54.Rg7 e2 55.Re7 Kd3
56.b4 Ra8 57.Kb3 Kd2 58.Rd7+ 1/2-1/2

[Event "Harald Malmgren 100 years"]
[Site "SSKK"]
[Date "2004.12.31"]
[Round "?"]
[White "Bennborn, Jan"]
[Black "Bergquist, Rune"]
[Result "1/2-1/2"]
[WhiteElo "2470"]
[BlackElo "2504"]
[WhiteCountry "SWE"]
[BlackCountry "NOR"]
[WhiteTitle "IM"]
[BlackTitle "IM"]

1.d4 d5 2.c4 c6 3.Nf3 Nf6 4.Nc3 dxc4 5.a4 Bf5
6.e3 e6 7.Bxc4 Bb4 8.O-O O-O 9.Qe2 Nbd7 10.e4 Bg6
11.Bd3 Bh5 12.e5 Nd5 13.Nxd5 cxd5 14.Qe3 Be7 15.Bd2 Nb8
16.Ne1 Bg6 17.f4 Nc6 18.g4 f5 19.exf6 Bxf6 20.Bc3 Qe8
21.Nf3 Bxd3 22.Qxd3 Be7 23.Bd2 Qd7 24.Rae1 Rae8 25.Kh1 Rf7
26.Re2 g6 27.Rfe1 Bb4 28.Bxb4 Nxb4 29.Qd2 Nc6 30.b4 Qd6
31.Ng5 Rfe7 32.b5 Nd8 33.Re5 Qa3 34.a5 a6 35.R1e3 Qd6
36.Qe2 h6 37.Qd3 Rg7 38.Nf3 Nf7 39.f5 gxf5 40.Rxf5 Qd7
41.Rf6 axb5 42.Qb1 e5 43.g5 e4 44.g6 Ng5 45.Nxg5 hxg5
46.Qf1 b4 47.Rg3 e3 48.Rxe3 Rge7 49.g7 Kxg7 50.Rg3 Re1
51.Rxg5+ 1/2-1/2

[Event "Harald Malmgren 100 years"]
[Site "SSKK"]
[Date "2004.12.31"]
[Round "?"]
[White "Koskela, Taisto"]
[Black "Chopin, Philippe"]
[Result "0-1"]
[WhiteElo "2486"]
[BlackElo "2475"]
[WhiteCountry "FIN"]
[BlackCountry "FRA"]
[WhiteTitle "IM"]
[BlackTitle "?"]

1.d4 d5 2.c4 e6 3.Nc3 c6 4.e3 Nf6 5.Nf3 Nbd7
6.Bd3 dxc4 7.Bxc4 b5 8.Bd3 Bb7 9.O-O a6 10.e4 c5
11.d5 Qc7 12.dxe6 fxe6 13.Bc2 Bd6 14.Ng5 Nf8 15.f4 O-O-O
16.Qe1 e5 17.Nd5 Bxd5 18.exd5 exf4 19.a4 b4 20.Qe2 c4
21.b3 Nxd5 22.Kh1 Kb8 23.Qxc4 Qxc4 24.bxc4 Ne3 25.Bxe3 fxe3
26.Nf7 Ne6 27.Rfe1 Bc5 28.Nxd8 Rxd8 29.Rad1 Rf8 30.Bxh7 Rf2
31.g3 e2 32.Rb1 Nd4 33.Bd3 Kc7 34.Rb2 b3 35.Rexe2 Nxe2
36.Rxe2 Rxe2 37.Bxe2 b2 38.Bd3 Kb6 39.Kg2 Ka5 40.Bc2 Kb4
41.Kf3 Kc3 42.Bb1 Kb3 43.a5 Kxc4 44.Ke4 Bb4 45.g4 Kb3
46.h4 Bxa5 47.h5 Bd2 48.Kd3 Bg5 49.Bc2+ Ka2 50.Kc4 Be7
51.Be4 b1=Q 52.Bxb1+ Kxb1 53.Kb3 a5 0-1

[Event "Harald Malmgren 100 years"]
[Site "SSKK"]
[Date "2004.12.31"]
[Round "?"]
[White "Olsson, Sture"]
[Black "Liebert, Ervin"]
[Result "1/2-1/2"]
[WhiteElo "2461"]
[BlackElo "2492"]
[WhiteCountry "SWE"]
[BlackCountry "EST"]
[WhiteTitle "IM"]
[BlackTitle "IM"]

 1.d4 e6 2.c4 Nf6 3.Nc3 Bb4 4.Qc2 c5 5.dxc5 O-O
6.a3 Bxc5 7.Nf3 b6 8.Bf4 Nh5 9.Bg3 Bb7 10.e4 a6
11.Be2 Nxg3 12.hxg3 h6 13.Rd1 Qc7 14.Qd2 Rd8 15.Qf4 Qxf4
16.gxf4 Be7 17.O-O Ra7 18.Rd2 Ba8 19.Rfd1 Rc7 20.Nd4 Nc6
21.b4 Nxd4 22.Rxd4 Bc6 23.e5 Kf8 24.R1d3 Rcc8 25.b5 axb5
26.cxb5 Bb7 27.Na4 Rc1+ 28.Kh2 Ke8 29.Nxb6 Re1 30.Bg4 Bc5
31.Rxd7 Bxb6 32.Rxb7 Rxd3 33.Rxb6 Re4 34.Bf3 Rxf4 35.Ra6 Rb3
36.b6 Kd7 37.Ra7+ Kc8 38.Ra8+ Kd7 39.Ra7+ Kc8 40.Ra8+
1/2-1/2